000 00514nam a2200181Ia 4500
999 _c28509
_d28509
003 OSt
005 20201120130555.0
008 190216s9999||||xx |||||||||||||| ||und||
020 _a9788124015681
040 _coclc
082 _a894.8123
_bKUR/A
100 _aKurian, Benny
_96824
245 0 _aAnuthapathinte Masumoorakal /
_cBenny Kurian
260 _bDc Books,
_aKottayam:
_c2005.
300 _a88p
650 _aMalayalam Novel
942 _cBK
_2ddc
_h894.8123
_iKUR/A
_k894.8123
_mKUR/A